| 000 | 00660nam a2200157 a 4500 | ||
|---|---|---|---|
| 008 | 120416s1987 ||||||||||||||||| || u | ||
| 050 | _aNA 1596.6.L4 Pro | ||
| 100 | _aProchazkova-Costa, Dana | ||
| 245 | 1 | 0 | _aPreservation of historical buildings and sites in Maseru |
| 260 |
_aMaseru _bDepartment of lands, surveys and physica _c1987 |
||
| 300 | _a4, 116p. : ill. | ||
| 350 | _a0.00 | ||
| 500 | _aMaseru development plan working paper NR3A | ||
| 650 | _aHISTORIC BUILDINGS--CONSERVATION AND RESTORATION | ||
| 995 |
_D0.00 _FCBU-MAIN LIBRARY (Kitwe) _H1 _I6.00 _M1 _UDAMAGED _ZMain Library Open Access Collection |
||
| 999 |
_c54398 _d54398 |
||